Море; Голубая лента: Романы : Пер. с нем.

Dades bibliogràfiques
Autor principal: Келлерман Б. Бернгард
Altres autors: Нечепорук Е. (автор послесловия), Иванченко А. В. (иллюстратор)
Idioma:rus
Publicat: Симферополь, Таврия, 1991
Matèries:
Format: Llibre
KOHA link:https://koha.lib.tpu.ru/cgi-bin/koha/opac-detail.pl?biblionumber=127251

MARC

LEADER 00000nam0a2200000 4500
001 127251
005 20231031132139.0
010 |a 5778002432 
020 |a RU  |b 91-55565 
035 |a (RuTPU)RU\TPU\book\137654 
090 |a 127251 
100 |a 20071212d1991 m y0rusy5003 ca 
101 1 |a rus  |c ger 
102 |a RU 
105 |a a z 000ay 
200 1 |a Море; Голубая лента  |e Романы : Пер. с нем.  |f Б. Келлерман  |g авт. послесл. Е. Нечепорук ; худож. А. В. Иванченко 
210 |a Симферополь  |c Таврия  |d 1991 
215 |a 416 с.  |c ил.  |d 20 см 
610 0 |a Моряки 
610 0 |a немецкая литература 
610 0 |a романы 
675 |a 83  |z rus 
700 1 |a Келлерман  |b Б.  |g Бернгард  |4 070 
702 1 |a Нечепорук  |b Е.  |4 075 
702 1 |a Иванченко  |b А. В.  |4 440 
801 0 |a RU  |b RuMRKP  |c 19950417  |g psbo 
801 1 |a RU  |b 63413507  |c 20071212  |g PSBO 
801 2 |a RU  |b 63413507  |c 20071212  |g PSBO 
942 |c BK